00559 2200193 4500001002100000005001500021035002000036007000300056008004100059020002200100082001000122084001600132100003300148245008800181260003100269300004700300650001000347600000800357INLIS00000000000044620221103110208 a0010-1122000040ta221103 b 0 ind  a978-602-241-428-5 a372.5 a372.5 TIM e0 aTim Editor Penerbit Erlangga1 aErlangga RPAL :bUntuk Pelajar SD Kelas 4, 5, dan 6 /cTim Editor Penerbit Erlangga aJakarta :bErlangga,c2013 a286 halaman :bilustrasi berwarna ;c21 cm 4aSAins 4aIPA